000 00574nam a22002417a 4500
003 UA-OsUOA
001 22484
007 ta
008 20031221b un ||||| |||| 00| 0 ukr d
100 _aШишкин А.Ф.
090 _a17(091)
_bШ65
942 _cBK
040 _aUA-OsUOA
_brus
_cUA-OsUOA
_dUA-OsUOA
245 _aИз истории эстических учений
300 _a343 с.
955 _a0
041 _arus
080 _a17(091)
260 _aМосква
_bПолитиздав
_c1959
044 _aRU
650 7 _2UDC
999 _c308704
_d308704